000 01075 a2200229 4500
999 _c9520
_d9520
020 _a0702105384
050 0 0 _aKTL1056BRI 1974
100 1 _aBritzius, Oscar.
_eauthor
245 1 0 _aSouth African company secretarial practice, including the law and conduct of meetings :
_bbeing the official manual of the Southern African Institute of Chartered Secretaries and Administrators, based on the Companies act, 1973 (no. 61 of 1973) /
_cby Oscar Britzius.
264 _aCape town:
_bJuta and company.,
_c1974
300 _axxxvi, 932 p. ;
500 _aA complete rewriting of J. H. Cloete's earlier work.
500 _a"Published under the authority of the Council of the Institute."
500 _aKept up to date by supplements.
500 _aIncludes index.
650 0 _aCorporate governance
_xLaw and legislation
650 0 _aCorporation secretaries
700 1 _aCloete, J. H.
_tSouth African company secretarial practice.
710 2 _aSouthern African Institute of Chartered Secretaries and Administrators.
942 _2lcc
_cBK
_h1056
_iBRI
_kKTL